Új Tömörkény-szobor Szegeden

Elmentve itt :
Bibliográfiai részletek
Dokumentumtípus: Cikk
Megjelent: 1972-11-11
Sorozat:Délmagyarország 62 No. 266
Kulcsszavak:Kalmár Márton, Tömörkény István, szobrászat
Online Access:http://dmarchiv.bibl.u-szeged.hu/95356
LEADER 00439nab a2200145 i 4500
001 delm95356
005 20190318150832.0
008 190318s1972 hu o 0|| hun d
040 |a SZTE Délmagyarország Archívum  |b hun 
041 |a hun 
245 0 0 |a Új Tömörkény-szobor Szegeden  |h [elektronikus dokumentum] 
260 |c 1972-11-11 
300 |a 10 
490 0 |a Délmagyarország  |v 62 No. 266 
695 |a Kalmár Márton, Tömörkény István, szobrászat